| 000 | 00794nam a22002177a 4500 | ||
|---|---|---|---|
| 005 | 20150702104608.0 | ||
| 008 | 140714b xxu||||| |||| 00| 0 Urdu d | ||
| 010 | _aUR-9150 | ||
| 020 | _c200.00 | ||
| 035 | _aU-7705 | ||
| 037 | _bDBAD | ||
| 040 |
_aDPL _bUrdu |
||
| 082 | _a 840.08 | ||
| 100 | _aڈ ا کٹر صا حب سنگھ | ||
| 245 |
_aمجنو ن گو رکھپو ر ی کے ا فسا نو ن کا تنقيد ی مطا لعہ _cڈ ا کٹر صا حب سنگھ |
||
| 246 | h |
_aMajnoon Gorakhpuri ke Afsanon ka Tanqeedi Mutala _bBy Dr. Sahib Singh |
|
| 260 |
_bNirali Duniya Publications _c2012 _aNew Delhi |
||
| 270 |
_a358-A,Bazar Delhi Gate,Darya Ganj, _bNew Delhi _k09811270387 _e110002 |
||
| 300 |
_a111ص _c22Cm (Hb) |
||
| 942 |
_2ddc _cUR _e _h840.08 _mص ا ح |
||
| 999 |
_c94618 _d94618 |
||